00631nam a2200169Ia 4500008004100000020001800041082001500059100002300074245008900097260003600186300001100222440002100233500007400254650002700328952008900355999001700444120622s9999 xx 000 0 und d a970-05-0286-4 a303.4 I53e aIngold, Tim, 1948- aEvolución y vida social / Tim Ingold ; tr. Ma. Elisa Moreno C. y Ramón Ramírez aMéxico : CONACULTA ; Grijalbo a493 p. aLos noventa ; 81 aTítulo original: Evolution and social life \ Incluye bibliografía a1. EVOLUCION SOCIALÌ 00104070a01b01d2007-01-25l0o303.4 I53Ep01 004684r2012-06-24w2012-06-24yLB c57546d57546